Fundamentals of fibre formation (Record no. 25201)

MARC details
000 -LEADER
fixed length control field 00291nam a2200121Ia 4500
082 ## - DEWEY DECIMAL CLASSIFICATION NUMBER
Classification number 677.4
Item number ZIA
100 ## - MAIN ENTRY--AUTHOR NAME
Personal name Ziabicki, A
245 #0 - TITLE STATEMENT
Title Fundamentals of fibre formation
260 ## - PUBLICATION, DISTRIBUTION, ETC. (IMPRINT)
Place of publication New York
Name of publisher Wiley
Year of publication 1976
650 ## - SUBJECT ADDED ENTRY--TOPICAL TERM
Topical Term Fibres
942 ## - ADDED ENTRY ELEMENTS (KOHA)
Koha item type Books
Holdings
Withdrawn status Lost status Damaged status Not for loan Home library Current library Date acquired Cost, normal purchase price Full call number Accession Number Koha item type
        RRII Library RRII Library 16/12/2021 42.50 677.4 ZIA 05861 Books